000 00900cab a2200265 4500
001 ABS50877
008 090401t1994 xxu||||| |||| 00| 0 eng d
035 _a(Sirsi) u87127
041 _aeng
100 _aTurkington, R.
245 _aIs there a future for high-rise housing?
260 _c1994
350 _a0
490 _aTown & Country Planning
_v63(5) May 1994, 150-152(3)
520 _aQuestions the assumption that high-rise housing is both undesirable and unpopular, calling for planners to take a central role in a co-ordinated review of future use.
650 _aHIGH RISE BUILDINGS
650 _aHOUSING ACTION TRUSTS
650 _aBUILT ENVIRONMENT-BUILDING MAINTENANCE AND REFURBISHMENT
650 _aSOCIAL HOUSING
650 _aTOWER BLOCKS
690 _aBUILT ENVIRONMENT-CONSTRUCTION DESIGN
690 _aHOUSING-DEVELOPMENT
942 _n0
948 _c04/03/1997
999 _c54917
_d54917